ASOIAF Profile: Sansa Stark Quiz Stats

 Plays Quiz Updated Oct 24, 2017

Challenge
Share
Tweet
Embed
Score 0/46 Timer 06:00
3 Plays Today
Hint Answer % Correct
Hair colorAuburn
96.5%
ParentsEddard Stark
96.2%
Brothers and half-brotherJon Snow
96.2%
Uncles (by blood and by marriage)Jon Arryn
96.1%
SisterArya Stark
95.9%
Eye colorBlue
95.5%
Brothers and half-brotherBran Stark
94.5%
ParentsCatelyn Tully
93.6%
Brothers and half-brotherRobb Stark
92.9%
Brothers and half-brotherRickon Stark
91%
DirewolfLady
90.9%
HusbandTyrion Lannister
88.3%
First fiancéJoffrey Baratheon
87.9%
Aunts (by blood and by marriage)Lysa Tully
82.6%
The first place in which we saw herWinterfell
81.6%
Parents-in-lawTywin Lannister
81%
Sisters-in-law and brothers-in-lawCersei Lannister
80.6%
CousinRobert Arryn
78.9%
False father in AFFCPetyr Baelish
78.5%
Uncles (by blood and by marriage)Petyr Baelish
78.4%
Sisters-in-law and brothers-in-lawJaime Lannister
78.3%
The place in which she spends most of her chaptersKing's Landing
75.2%
Uncles (by blood and by marriage)Benjen Stark
75.1%
Hint Answer % Correct
He gives her a roseLoras Tyrell
74.9%
Uncles (by blood and by marriage)Brandon Stark
71.1%
Aunts (by blood and by marriage)Lyanna Stark
67.3%
Uncles (by blood and by marriage)Edmure Tully
66.2%
GrandfathersHoster Tully
61.1%
Friend in AGOTJeyne Poole
58.9%
Sisters-in-law and brothers-in-lawJeyne Westerling
58.8%
Sisters-in-law and brothers-in-lawRobert Baratheon
57.1%
GrandfathersRickard Stark
53%
They ask her about JoffreyMargaery Tyrell and Olenna Redwyne
52.9%
The last region in which we saw herThe Vale
52.1%
Handmaid in ASOSShae
51.8%
Great-uncleBrynden Tully
50.8%
Parents-in-lawJoanna Lannister
50.1%
NicknameLittle bird
48.6%
He offers her to flee with himSandor Clegane
43.6%
He gives her a hairnetDontos Hollard
40.3%
False identityAlayne Stone
40.2%
Fiancé offered by the TyrellsWillas Tyrell
37.6%
Aunts (by blood and by marriage)Roslin Frey
31.5%
Fiancé offered by LittlefingerHarry Hardyng
26.1%
GrandmothersMinisa Whent
24%
GrandmothersLyarra Stark
20.4%

You're not logged in!

Compare scores with friends on all Sporcle quizzes.
Join for Free
OR
Log In

You Might Also Like...

Show Comments

Extras

Top Quizzes Today


Score Distribution

Your Account Isn't Verified!

In order to create a playlist on Sporcle, you need to verify the email address you used during registration. Go to your Sporcle Settings to finish the process.

Report this User

Report this user for behavior that violates our Community Guidelines.

Details: